000 00637nam a2200181 a 4500
001 000024979
005 20200930023503.0
008 110208s1999 pe a r 000 0 spa d
020 _a9972618455
040 _aDO-SdBNP
_bspa
_cBNPHU
082 _axxxxx
_bN964c
100 1 _aNúñez Sánchez, Pedro
_951257
245 1 0 _aCómo organizar las escuelas de padres y madres :
_bmanual para facilitadoras y facilitadores /
_cPedro Núñez Sánchez.
260 _aLima, Perú :
_bTarea :,
_c1999.
300 _a71 p. :
_bil. ;
_c28 cm.
710 1 _aServicio Ecuménico de Pastoral y Estudios de la Comunicación (SEPEC).
_951258
049 _aBNGR
999 _c24472
_d24472